000 00514nam a2200181Ia 4500
003 GCL
008 140319s9999 xx 000 0 ara d
040 _aGCL /
_cGCL
082 0 4 _aط
_b372.216
_bح ك
100 1 _aابراهيم المعلم
245 1 0 _aكان زمان /
_cابراهيم المعلم
490 _aالهيئة العامة للاستعلامات
_v0
650 0 4 _aالاطفال
650 0 4 _aقصص الاطفال
650 0 4 _aالرسم
650 0 4 _aالتلوين
942 _2ddc
_cBK
999 _c51435
_d51435